| 000 | 01073nam a2200277 a 4500 | ||
|---|---|---|---|
| 001 | 000047300 | ||
| 005 | 20240305073651.0 | ||
| 008 | 091117s2014 dr ac 000 0 spa d | ||
| 020 | _a9789945118797 (v. 1) | ||
| 020 | _a9789945118766 (v. 2) | ||
| 020 | _a9789945118735 (v. 3) | ||
| 040 |
_aDO-SdBNP _bspa _cBNPHU |
||
| 082 |
_axxxx _bE77 |
||
| 100 | 1 |
_aIncháustegui, María Isabel _929568 |
|
| 245 | 1 | 0 |
_aEspañol 2 : _beducación básica / _cMaría Isabel Incháustegui, Manuel García Cartagena ; dirección editorial Claudia Llibre ; ilustraciones Ruddy Núñez. |
| 260 |
_aSanto Domingo : _bSantillana, _c2014. |
||
| 300 |
_av. : _bil., retrs. ; _c28 cm. |
||
| 490 | 1 | _aProyecto todos juntos | |
| 505 | 0 |
_av. 1 : _tLibro de texto |
|
| 505 | 0 |
_av. 2 : _tGuía didáctica : recursos para el proferado -- _gv. 3 : _tCuaderno, fichas de actividades |
|
| 590 | _aInventariado, 2019/VM | ||
| 700 | 1 |
_aGarcía Cartagena, Manuel _912067 |
|
| 700 | 1 |
_aLlibre, Claudia, _edir. ed. _930462 |
|
| 700 | 1 |
_aNúñez, Ruddy, _eil. _923171 |
|
| 830 | 0 |
_aProyecto todos juntos _930856 |
|
| 999 |
_c46788 _d46788 |
||